Greek Letters - Sudden Death - Statistics

General Stats
  • This quiz has been taken 93 times
  • The average score is 6 of 15
Answers on the Grid
Answers color-coded by a green-red scale on the quiz's grid according to % correct below.
Θ
Λ
Ε
Ρ
Ο
Τ
Φ
Ψ
Μ
Ω
Π
Υ
Δ
Ξ
Γ
Q
F
D
+
#
{
7
=
X
Л
Щ
Й
Ю
Ж
Ы
 
Answer Stats
Answer % Correct
Δ
71%
Ω
67%
Θ
52%
Φ
48%
Π
45%
Λ
40%
Γ
40%
Ο
38%
Ψ
38%
Ξ
38%
Ρ
36%
Υ
29%
Ε
24%
Τ
24%
Μ
24%
No matching quizzes found
Score Distribution
Percent of People with Each Score
Percentile by Number Answered
Your Score History
You have not taken this quiz